Country to Largest Religion - Oceania - Statistics

General Stats
  • This quiz has been taken 12 times
    11 since last reset
  • The average score is 7 of 14
Answer Stats
Hint Answer % Correct
Tonga Protestant
67%
Australia No Religion
56%
Marshall Islands Protestant
56%
Nauru Protestant
56%
Solomon Islands Protestant
56%
Tuvalu Protestant
56%
Federated States of Micronesia Roman Catholic
56%
New Zealand No Religion
44%
Papua New Guinea Protestant
44%
Vanuatu Protestant
44%
Kiribati Roman Catholic
44%
Palau Roman Catholic
44%
Fiji Protestant
33%
Samoa Protestant
33%
No matching quizzes found
Score Distribution
Percent of People with Each Score
Percentile by Number Answered
Your Score History
You have not taken this quiz since the last reset